Estadísticas para Países Con Estaciones De Investigación En La Antártida

Haz click aquí para intentar la prueba.

Estadísticas generales

  • Esta prueba ha sido intentada 65 veces
  • La puntuación promedio es 28 de 36

Estadísticas de respuestas

PaísEstaciones% Correcto
España2
100%
Estados Unidos17
100%
Alemania10
98%
Argentina17
98%
China4
98%
Francia6
98%
Chile15
96%
Rusia10
96%
Australia5
95%
Brasil1
95%
Italia3
95%
Noruega4
95%
Finlandia1
93%
Japón4
93%
Nueva Zelanda6
93%
Reino Unido24
93%
Suecia3
93%
Sudáfrica9
89%
Corea del Sur2
85%
India3
85%
Polonia3
84%
Países Bajos2
82%
Uruguay2
82%
Bélgica3
80%
Perú1
80%
Turquía1
71%
Ecuador1
64%
Ucrania1
64%
Pakistán1
60%
Rumania1
58%
Bielorrusia1
51%
República Checa2
47%
Bulgaria1
44%
Unión Soviética21
11%
Checoslovaquia1
5%
Alemania del Este1
2%

Distribución de puntuación

Porcentaje por número respondido

Porcentaje de gente con cada puntuación

Historial de tus puntuaciones

No has intentado esta prueba.